000
00345nam a2200157Ia 4500
003
0STCL
008
150530s9999 xx 000 0 und d
040
_a
STCL
_c
STCL
100
_a
Catherine De Hack
245
_a
My Russian yesterdays
260
_c
1951
546
_a
English
942
_2
ddc
_c
BK
999
_c
69108
_d
69108
005
20220125171411.0